Les dix commandements - Statistiques

Statistiques générales
  • Ce quiz a été pris 27 fois
  • Le résultat moyen est 6 sur 10
Statistiques - réponses
Commandements % Correct
Foi
95%
Charité
80%
Piété
80%
Vérité
70%
Altruisme
65%
Patience
55%
Pureté
55%
Repos
50%
Réticence
45%
Pacifisme
40%
Aucun quiz correspondant
Distribution des résultats
% des personnes avec chaque résultat
Percentile par nombre de réponses
Votre historique - résultats
Vous n’avez pas pris ce quiz